| 000 | 00671nam a2200193Ia 4500 | ||
|---|---|---|---|
| 999 |
_c16515 _d16515 |
||
| 082 | _aTJ.0002 | ||
| 100 | _aJain, Purnendra Chandra | ||
| 245 | 0 | _aLimited local autonomy in Japan : Public housing policy and the Tokyo Metropolitan Government | |
| 260 |
_c1987 _bGriffith University, Australia |
||
| 300 | _axvii, 328p. + C D -6 | ||
| 650 | _aINTER GOVERNMENTAL RELATIONS//CENTRE STATE RELATIONS | ||
| 650 | _aMETROPOLITAN GOVERNMENT - JAPAN - TOKYO | ||
| 650 | _aCENTRE STATE RELATIONS - JAPAN | ||
| 650 | _aHOUSING - JAPAN - TOKYO | ||
| 650 | _aMUNICIPAL GOVERNMENT///METROPOLITAN GOVERNMENT | ||
| 710 | _aMoore, Joe | ||
| 710 | _aRix, Alan | ||
| 942 |
_cTH _2ddc |
||